|
|
|
|
| LEADER |
00000nam2a2200000 4500 |
| 001 |
39568 |
| 005 |
20231031011539.0 |
| 035 |
|
|
|a (RuTPU)RU\TPU\book\40440
|
| 090 |
|
|
|a 39568
|
| 100 |
|
|
|a 20020409d1985 m y0rusy50 ca
|
| 101 |
0 |
|
|a rus
|
| 102 |
|
|
|a RU
|
| 105 |
|
|
|a a j 001zy
|
| 200 |
0 |
|
|a Ч. 2. Функции нескольких переменных.
|
| 210 |
|
|
|d 1985
|
| 215 |
|
|
|a 464 с.
|c ил.
|
| 320 |
|
|
|a Предм. указ.: с. 462-464.
|
| 451 |
|
1 |
|0 (RuTPU)RU\TPU\book\117375
|y 5-8114-0569-3
|t Ч. 2: Функции нескольких переменных
|d 2004
|p 464 с.
|
| 461 |
|
1 |
|0 (RuTPU)RU\TPU\book\40438
|t Введение в комплексный анализ
|o Учебник
|o В 2 ч.
|f Б. В. Шабат
|v Ч. 2. Функции нескольких переменных
|e 3-е изд., перераб. и доп.
|d 1985-
|
| 610 |
1 |
|
|a математика
|
| 610 |
1 |
|
|a переменные
|
| 610 |
1 |
|
|a учебные пособия
|
| 610 |
1 |
|
|a функции
|
| 610 |
1 |
|
|a теория
|
| 610 |
1 |
|
|a голоморфные функции
|
| 610 |
1 |
|
|a геометрические понятия
|
| 610 |
1 |
|
|a аналитическое продолжение
|
| 610 |
1 |
|
|a мероморфные функции
|
| 610 |
1 |
|
|a геометрическая теория
|
| 610 |
1 |
|
|a ряды
|
| 610 |
1 |
|
|a теорема Виртингера
|
| 610 |
1 |
|
|a функции комплексного переменного
|
| 675 |
|
|
|a 517.53(075.8)
|v 3
|
| 801 |
|
1 |
|a RU
|b 63413507
|c 20020409
|g PSBO
|
| 801 |
|
2 |
|a RU
|b 63413507
|c 20090128
|g PSBO
|
| 900 |
|
|
|a Математический анализ
|
| 942 |
|
|
|c BK
|